Villes les Plus Peuplées de l'Hérault - Statistiques

Statistiques générales
  • Ce quiz a été pris 39 fois
  • Le résultat moyen est 9 sur 20
Statistiques - réponses
Villes % Correct
Montpellier
97%
Béziers
91%
Sète
88%
Agde
76%
Frontignan
58%
Lunel
55%
Castelnau-le-Lez
52%
Lattes
52%
Saint-Jean-de-Védas
48%
Juvignac
45%
La Grande-Motte
39%
Villeneuve-lès-Maguelone
39%
Mauguio
36%
Clermont-l'Hérault
33%
Pérols
33%
Mèze
27%
Saint-Gély-du-Fesc
24%
Le Crès
15%
Sérignan
15%
Grabels
9%
Aucun quiz correspondant
Distribution des résultats
% des personnes avec chaque résultat
Percentile par nombre de réponses
Votre historique - résultats
Vous n’avez pas pris ce quiz